All Hoenn Pokemon - Statistics

General Stats
  • This quiz has been taken 34 times
    32 since last reset
  • The average score is 106 of 135
Answer Stats
Hint Answer % Correct
#257 Blaziken
100%
#268 Cascoon
100%
#256 Combusken
100%
#269 Dustox
100%
#253 Grovyle
100%
#262 Mightyena
100%
#258 Mudkip
100%
#261 Poochyena
100%
#266 Silcoon
100%
#260 Swampert
100%
#255 Torchic
100%
#252 Treecko
100%
#265 Wurmple
100%
#263 Zigzagoon
100%
#267 Beautifly
94%
#383 Groudon
94%
#382 Kyogre
94%
#264 Linoone
94%
#259 Marshtomp
94%
#384 Rayquaza
94%
#254 Sceptile
94%
#278 Wingull
94%
#371 Bagon
88%
#374 Beldum
88%
#366 Clamperl
88%
#386 Deoxys
88%
#309 Electrike
88%
#385 Jirachi
88%
#281 Kirlia
88%
#380 Latias
88%
#381 Latios
88%
#271 Lombre
88%
#270 Lotad
88%
#337 Lunatone
88%
#376 Metagross
88%
#375 Metang
88%
#280 Ralts
88%
#378 Regice
88%
#377 Regirock
88%
#379 Registeel
88%
#373 Salamence
88%
#372 Shelgon
88%
#275 Shiftry
88%
#338 Solrock
88%
#277 Swellow
88%
#276 Taillow
88%
#286 Breloom
81%
#323 Camerupt
81%
#318 Carvanha
81%
#341 Corphish
81%
#295 Exploud
81%
#282 Gardevoir
81%
#368 Gorebyss
81%
#367 Huntail
81%
#294 Loudred
81%
#272 Ludicolo
81%
#310 Manectric
81%
#322 Numel
81%
#274 Nuzleaf
81%
#279 Pelipper
81%
#302 Sableye
81%
#273 Seedot
81%
#319 Sharpedo
81%
#285 Shroomish
81%
#324 Torkoal
81%
#328 Trapinch
81%
#293 Whismur
81%
#304 Aron
75%
#298 Azurill
75%
#346 Cradily
75%
#342 Crawdaunt
75%
#301 Delcatty
75%
#355 Duskull
75%
#330 Flygon
75%
#297 Hariyama
75%
#305 Lairon
75%
#345 Lileep
75%
#296 Makuhita
75%
#303 Mawile
75%
#312 Minun
75%
#291 Ninjask
75%
#311 Plusle
75%
#369 Relicanth
75%
#336 Seviper
75%
#300 Skitty
75%
#333 Swablu
75%
#357 Tropius
75%
#320 Wailmer
75%
#321 Wailord
75%
#306 Aggron
69%
#334 Altaria
69%
#348 Armaldo
69%
#339 Barboach
69%
#351 Castform
69%
#356 Dusclops
69%
#349 Feebas
69%
#314 Illumise
69%
#350 Milotic
69%
#290 Nincada
69%
#299 Nosepass
69%
#292 Shedinja
69%
#289 Slaking
69%
#287 Slakoth
69%
#363 Spheal
69%
#327 Spinda
69%
#329 Vibrava
69%
#288 Vigoroth
69%
#313 Volbeat
69%
#340 Whiscash
69%
#360 Wynaut
69%
#335 Zangoose
69%
#359 Absol
63%
#347 Anorith
63%
#343 Baltoy
63%
#331 Cacnea
63%
#358 Chimecho
63%
#344 Claydol
63%
#362 Glalie
63%
#352 Kecleon
63%
#370 Luvdisc
63%
#284 Masquerain
63%
#307 Meditite
63%
#364 Sealeo
63%
#353 Shuppet
63%
#361 Snorunt
63%
#325 Spoink
63%
#283 Surskit
63%
#365 Walrein
63%
#354 Banette
56%
#332 Cacturne
56%
#326 Grumpig
56%
#316 Gulpin
56%
#308 Medicham
56%
#317 Swalot
56%
#315 Roselia
50%
No matching quizzes found
Score Distribution
Percent of People with Each Score
Percentile by Number Answered
Your Score History
You have not taken this quiz since the last reset